Normal view
MARC view
Entry Personal Name
001 - CONTROL NUMBER
- control field: 347725
003 - CONTROL NUMBER IDENTIFIER
- control field: OSt
005 - DATE AND TIME OF LATEST TRANSACTION
- control field: 20220926043426.0
008 - FIXED-LENGTH DATA ELEMENTS
- fixed length control field: 220926|| aca||aabn | a|a d
040 ## - CATALOGING SOURCE
- Original cataloging agency: OSt
- Transcribing agency: OSt
100 ## - HEADING--PERSONAL NAME
- Personal name: Chen Han-Seng
670 ## - SOURCE DATA FOUND
- Source citation: Work cat.: (OSt)672309: Chen Han-Seng, Industrial capital and chinese peasants , 1940
